[Event "SEMI B031 email"]
[Site "SEMI email"]
[Date "2002.08.05"]
[Round "?"]
[White "Papa, Giorgio"]
[Black "Kelbl, Jiri"]
[Result "1-0"]
[WhiteElo "1561"]
[BlackElo "1007"]
[PlyCount "55"]
[EventDate "2002.08.05"]
[EventType "tourn (corr)"]
[EventRounds "6"]
[EventCountry "ITA"]
[SourceTitle "Corr 2008"]
[Source "ChessBase"]
[SourceDate "2008.06.24"]
[SourceVersion "1"]
[SourceVersionDate "2008.06.24"]
[SourceQuality "1"]

1. d4 Nf6 2. c4 c5 3. d5 g6 4. Nc3 d6 5. e4 Bg7 6. Nf3 0-0 7. Be2 Ne8 8. 0-0 f5 9. exf5 Bxf5 10. Re1 Nc7 11. Ng5 a6 12. a4 Bf6 13. Bg4 e5 14. Nge4 Be7 15. Bxf5 Rxf5 16. Ng3 Rf8 17. Nce4 Nd7 18. Bh6 Rf7 19. h4 Bf8 20. Bg5 Nf6 21. Nxf6+ Rxf6 22. Ne4 Be7 23. Bxf6 Bxf6 24. h5 Be7 25. hxg6 hxg6 26. Qd2 Kg7 27. Ra3 b5 28. Rh3 1-0